| 000 | 01066nam a2200277Ia 4500 | ||
|---|---|---|---|
| 001 | 22050 | ||
| 005 | 20260320113337.0 | ||
| 008 | 260320s9999||||xx |||||||||||||| ||und|| | ||
| 020 | _a9781511778176 | ||
| 041 | _aESP | ||
| 082 |
_a330.12 _bU73 |
||
| 100 |
_aUrbina, Dante A., _eAUT |
||
| 245 | 0 |
_aEconomía para herejes : _bdesnudando los mitos de la economía ortodoxa |
|
| 246 |
_a _5 _b |
||
| 250 | _aPrimera edición | ||
| 260 |
_a[Lugar de publicación no identificado] : _b[Editor no identificado], _c2015 |
||
| 300 |
_a309 páginas : _bgráficos ; _c23 cm. _e |
||
| 440 |
_a _n _v |
||
| 500 | _aEn la cubierta: Un descarnado y revelador análisis que deja sin base a la teoría económica imperante. - Made in the USA Columbia, SC 16 November 2024. | ||
| 650 | _aCIS | ||
| 653 | _aEconomía; Economía ortodoxa | ||
| 654 | _aCAN | ||
| 700 |
_a _c |
||
| 856 |
_uhttps://0u20vob4u-y-https-ebookcentral-proquest-com.itmsp.museknowledge.com/lib/catolicasp/home.action _zVéase además: Base de datos ProQuest Ebook Central |
||
| 942 |
_cLIB _dJUS _fMAT _2ddc _n |
||
| 999 |
_c22050 _d22050 |
||